Types de choses #1 - Statistiques

Statistiques générales
  • Ce quiz a été pris 60 400 fois
  • Le résultat moyen est 14 sur 20
Statistiques - réponses
Ceci sont des types de... ...cela % Correct
Escarpin, Sandale, Ballerine Chaussure
99%
Jeans, Jogging, Jodhpurs Pantalon
93%
Gouache, Aquarelle, Acrylique Peinture
92%
Persan, Siamois, Sphynx Chat
90%
Acoustique, Basse, Electrique Guitare
89%
Galère, Chaloupe, Trimaran Bateau
83%
Simple, King Size, Double Lit
82%
Nimbus, Cumulus, Stratus Nuage
77%
Espagnole, Porcine, Aviaire Grippe
76%
Flute, Shot, Chope Verre
76%
Cinétique, Potentielle, Nucléaire Energie
74%
Stout, Blonde, IPA Bière
73%
Bille, Roller, Plume Stylo
73%
Chrome, Safari, Opera Navigateur internet
69%
Sonnet, Haiku, Ode Poème
69%
Naine Blanche, Géante Rouge, Neutron Etoile
59%
Œil de chat, Chinoise, Calot Bille
51%
Melon, Panama, Fez Chapeau
45%
Oolong, Darjeeling, Pu-erh Thé
40%
Bebop, Free, Swing Jazz
20%
Aucun quiz correspondant
Distribution des résultats
% des personnes avec chaque résultat
Percentile par nombre de réponses
Votre historique - résultats
Vous n’avez pas pris ce quiz